| 000 -LEADER |
| fixed length control field |
00497pab a2200169 454500 |
| 008 - FIXED-LENGTH DATA ELEMENTS--GENERAL INFORMATION |
| fixed length control field |
180718b2005 xxu||||| |||| 00| 0 eng d |
| 100 ## - MAIN ENTRY--PERSONAL NAME |
| Personal name |
Kumaram, M. |
| 245 ## - TITLE STATEMENT |
| Title |
Farmers' knowledge level and extent of adoption of water management practices in an irrigation command area |
| 260 ## - PUBLICATION, DISTRIBUTION, ETC. |
| Date of publication, distribution, etc. |
2005 |
| 300 ## - PHYSICAL DESCRIPTION |
| Extent |
p.267-71. |
| 362 ## - DATES OF PUBLICATION AND/OR SEQUENTIAL DESIGNATION |
| Dates of publication and/or sequential designation |
Jul |
| 650 ## - SUBJECT ADDED ENTRY--TOPICAL TERM |
| Topical term or geographic name entry element |
Water resources management |
| 650 ## - SUBJECT ADDED ENTRY--TOPICAL TERM |
| Topical term or geographic name entry element |
Farmers |
| 700 ## - ADDED ENTRY--PERSONAL NAME |
| Personal name |
Jayaragavan, K.V. |
| 773 ## - HOST ITEM ENTRY |
| Main entry heading |
Agricultural Situation in India |
| 909 ## - |
| -- |
70912 |